| 000 | 00492nam a22001337a 4500 | ||
|---|---|---|---|
| 005 | 20241011110232.0 | ||
| 008 | 241011b |||||||| |||| 00| 0 eng d | ||
| 100 |
_aPerkins, Kathy. _eauthor. _962824 |
||
| 245 |
_aTransforming stem learning at scale : _bphet interactive simulations / _cKathy Perkins. |
||
| 260 |
_aWashington; _bTaylor & Francis Group, _cJuly-August 2020. |
||
| 300 |
_aVolume 96, pages 42-49, _billustration. |
||
| 700 |
_aPerkins, Kathy. _eauthor. _962825 |
||
| 942 |
_2ddc _cPER |
||
| 999 |
_c22503 _d22503 |
||